Countries of the World - 90 Second Sprint - Statistics

General Stats
  • This quiz has been taken 2,205 times
  • The average score is 49 of 196
Answers on the Map
Answers color-coded by a green-red scale on the quiz's map according to % correct below.
 
Answer Stats
country % Correct
United States
98%
Canada
90%
Russia
89%
United Kingdom
87%
Brazil
84%
Mexico
82%
China
80%
France
78%
Spain
77%
Peru
73%
Sweden
69%
India
66%
Italy
65%
Australia
63%
Norway
63%
Chile
62%
Japan
62%
Denmark
61%
Finland
61%
Germany
59%
Ireland
57%
Argentina
56%
Iceland
55%
Portugal
55%
Oman
51%
Yemen
51%
Iran
50%
Iraq
48%
United Arab Emirates
48%
Colombia
45%
Democratic Republic of the Congo
45%
Poland
44%
Ukraine
43%
Egypt
42%
Cuba
41%
Sudan
41%
Niger
40%
Chad
39%
Mali
39%
Bolivia
38%
Algeria
37%
Austria
37%
Ecuador
37%
Greece
37%
Panama
37%
Turkey
37%
Congo
36%
Uruguay
35%
Libya
34%
Haiti
33%
Indonesia
33%
Nigeria
33%
Venezuela
32%
Laos
31%
Mongolia
31%
South Africa
31%
Paraguay
30%
Latvia
29%
Romania
28%
Tunisia
28%
Morocco
27%
Dominican Republic
26%
Guyana
26%
Belgium
25%
Estonia
25%
Vietnam
25%
Belarus
24%
Saudi Arabia
24%
Suriname
24%
Angola
23%
Bahamas
23%
Belize
23%
Netherlands
23%
Somalia
23%
Togo
23%
El Salvador
22%
Ethiopia
22%
Honduras
22%
Madagascar
22%
New Zealand
22%
Nicaragua
22%
Pakistan
22%
Jordan
21%
Lithuania
21%
Central African Republic
20%
Guatemala
20%
Kazakhstan
20%
Nepal
20%
Serbia
20%
Syria
20%
Thailand
20%
Andorra
19%
Benin
19%
Costa Rica
19%
Dominica
19%
Jamaica
19%
Israel
18%
Qatar
18%
Saint Kitts and Nevis
18%
Switzerland
18%
Vatican City
18%
Cambodia
17%
Czechia
17%
Ghana
17%
Guinea
17%
Hungary
17%
Kenya
17%
Malta
17%
Myanmar
17%
Slovakia
17%
South Sudan
17%
South Korea
16%
Monaco
15%
Saint Vincent and the Grenadines
15%
Bulgaria
14%
Croatia
14%
Fiji
14%
North Korea
14%
Saint Lucia
14%
San Marino
14%
Singapore
14%
Slovenia
14%
Cyprus
13%
Eritrea
13%
Malaysia
13%
Papua New Guinea
13%
Taiwan
13%
Bahrain
12%
Barbados
12%
Bhutan
12%
Gambia
12%
Grenada
12%
Luxembourg
12%
Mauritania
12%
Philippines
12%
Sri Lanka
12%
Tanzania
12%
Zambia
12%
Albania
11%
Bosnia and Herzegovina
11%
Kuwait
11%
Moldova
11%
Namibia
11%
Samoa
11%
Tonga
11%
Afghanistan
10%
Antigua and Barbuda
10%
Botswana
10%
Brunei
10%
Gabon
10%
Georgia
10%
Lesotho
10%
North Macedonia
10%
Tuvalu
10%
Uganda
10%
Armenia
9%
Malawi
9%
Montenegro
9%
Nauru
9%
Palau
9%
Rwanda
9%
Senegal
9%
Trinidad and Tobago
9%
Cameroon
8%
Burundi
7%
Comoros
7%
Kiribati
7%
Kosovo
7%
Liechtenstein
7%
Mozambique
7%
Bangladesh
6%
Eswatini
6%
Guinea-Bissau
6%
Lebanon
6%
Uzbekistan
6%
Azerbaijan
5%
Djibouti
5%
Maldives
5%
Mauritius
5%
Zimbabwe
5%
Liberia
4%
Timor-Leste
4%
Burkina Faso
3%
Cabo Verde
3%
Côte d'Ivoire
3%
Micronesia
3%
São Tomé and Príncipe
3%
Solomon Islands
3%
Turkmenistan
3%
Vanuatu
3%
Kyrgyzstan
2%
Seychelles
2%
Tajikistan
2%
Marshall Islands
1%
Sierra Leone
1%
Equatorial Guinea
0%
No matching quizzes found
Score Distribution
Percent of People with Each Score
Percentile by Number Answered
Your Score History
You have not taken this quiz